<?xml version="1.0" encoding="UTF-8"?>
<record
    xmlns:xsi="http://www.w3.org/2001/XMLSchema-instance"
    xsi:schemaLocation="http://www.loc.gov/MARC21/slim http://www.loc.gov/standards/marcxml/schema/MARC21slim.xsd"
    xmlns="http://www.loc.gov/MARC21/slim">

  <leader>00830na  a2200241   4500</leader>
  <controlfield tag="001">17850</controlfield>
  <controlfield tag="003">MIRAKIL</controlfield>
  <controlfield tag="005">20181213154734.0</controlfield>
  <controlfield tag="008">161107b        tu            000 0      </controlfield>
  <datafield tag="020" ind1=" " ind2=" ">
    <subfield code="a">9789756728710</subfield>
  </datafield>
  <datafield tag="040" ind1=" " ind2=" ">
    <subfield code="a">Milas</subfield>
    <subfield code="b">tur</subfield>
    <subfield code="c">TR-AnCHP</subfield>
  </datafield>
  <datafield tag="041" ind1=" " ind2=" ">
    <subfield code="a">tur</subfield>
  </datafield>
  <datafield tag="082" ind1=" " ind2=" ">
    <subfield code="a">349.56</subfield>
    <subfield code="b">T66 2011</subfield>
  </datafield>
  <datafield tag="090" ind1=" " ind2=" ">
    <subfield code="a">349.56 T66 2011</subfield>
  </datafield>
  <datafield tag="111" ind1=" " ind2=" ">
    <subfield code="a">Torba Yasa ile Getirilen Yeni D&#xFC;zenlemeler Semineri</subfield>
    <subfield code="c">&#x130;stanbul</subfield>
    <subfield code="d">2011</subfield>
  </datafield>
  <datafield tag="245" ind1=" " ind2=" ">
    <subfield code="a">Torba yasa ile getirilen yeni d&#xFC;zenlemeler semineri, 8 &#x15E;ubat 2011</subfield>
    <subfield code="c">T&#xFC;rkiye &#x130;&#x15F;veren Sendikalar&#x131; Konfederasyonu</subfield>
  </datafield>
  <datafield tag="260" ind1=" " ind2=" ">
    <subfield code="a">&#x130;stanbul</subfield>
    <subfield code="b">T&#x130;SK</subfield>
    <subfield code="c">2011</subfield>
  </datafield>
  <datafield tag="300" ind1=" " ind2=" ">
    <subfield code="a">140 s.</subfield>
    <subfield code="b">res.</subfield>
    <subfield code="c">23 sm.</subfield>
  </datafield>
  <datafield tag="490" ind1=" " ind2=" ">
    <subfield code="a">T&#xFC;rkiye &#x130;&#x15F;veren Sendikalar&#x131; Konfederasyonu</subfield>
    <subfield code="v">311</subfield>
  </datafield>
  <datafield tag="650" ind1=" " ind2=" ">
    <subfield code="a">Yasalar</subfield>
    <subfield code="x">Torba yasalar</subfield>
    <subfield code="y">T&#xFC;rkiye</subfield>
  </datafield>
  <datafield tag="710" ind1=" " ind2=" ">
    <subfield code="a">T&#xFC;rkiye &#x130;&#x15F;veren Sendikalar&#x131; Konfederasyonu (T&#x130;SK)</subfield>
  </datafield>
  <datafield tag="942" ind1=" " ind2=" ">
    <subfield code="2">ddc</subfield>
    <subfield code="c">BKS</subfield>
  </datafield>
  <datafield tag="952" ind1=" " ind2=" ">
    <subfield code="a">0001</subfield>
    <subfield code="b">0001</subfield>
    <subfield code="d">2016-11-07</subfield>
    <subfield code="e">2</subfield>
    <subfield code="l">0</subfield>
    <subfield code="o">349.56 T66 2011</subfield>
    <subfield code="p">008390</subfield>
    <subfield code="r">2016-11-07 00:00:00</subfield>
    <subfield code="v">0.00</subfield>
    <subfield code="w">2016-11-07</subfield>
    <subfield code="y">BKS</subfield>
  </datafield>
  <datafield tag="952" ind1=" " ind2=" ">
    <subfield code="a">0001</subfield>
    <subfield code="b">0001</subfield>
    <subfield code="d">2016-12-06</subfield>
    <subfield code="e">2</subfield>
    <subfield code="l">0</subfield>
    <subfield code="o">349.56 T66 2011</subfield>
    <subfield code="p">010538</subfield>
    <subfield code="r">2016-12-06 00:00:00</subfield>
    <subfield code="t">k.2</subfield>
    <subfield code="v">0.00</subfield>
    <subfield code="w">2016-12-06</subfield>
    <subfield code="y">BKS</subfield>
  </datafield>
  <datafield tag="999" ind1=" " ind2=" ">
    <subfield code="c">125</subfield>
    <subfield code="d">125</subfield>
  </datafield>
</record>
